000 00282nam a2200109Ia 4500
008 200302s9999 xx 000 0 und d
100 _aH. S. Verma
245 _aBombay, New Bombay and Metropolitan Region
260 _bConcept Publishing Co. Ltd.
260 _c1985
300 _a171 P.,
999 _c5562
_d5562